00858nam a2200205 i 4500001000700000003000900007005001700016008004100033040003000074100004200104245006200146260008300208300003000291490005300321650003800374830006100412852003600473999001900509952012400528161328ES-MaACL20250626063210.0000816s1892 fr a |||| | fre d aCCPB | B bspa cCCPB | B1 aPalustre, Léon, d1838-1894913080912aL'architecture de la renaissance / cpar Léon Palustre. aParis : bancienne maison Quantin : blibrairies-imprimeries réunies,c1892. a352 p. : bil. ; c21 cm.1 aBibliothéque de l'Enseingnement des Beaux-Arts 4aArquitectura renacentista.9100500 aBibliothéque de l'Enseingnement des Beaux-Arts9222104 aES-MaACLjB-2518 z-- Enc. tela c161328d161328 001040708LIBXIXaATENEOMbATENEOMcSPBd2008-01-17eSSCl0oB-2518p1168980r2023-02-23 00:00:00w2023-02-23yMONANT